| 000 | 00433pab a2200157 454500 | ||
|---|---|---|---|
| 008 | 180718b2013 xxu||||| |||| 00| 0 eng d | ||
| 100 | _aCamacho, Adriana | ||
| 245 | _aEffect of subsidized health insurance on newborn health in a developing country | ||
| 260 | _c2013 | ||
| 300 | _ap.633-658. | ||
| 362 | _aApr | ||
| 650 | _aSocial security | ||
| 773 | _aEconomic Development and Cultural Change | ||
| 908 | _aN | ||
| 909 | _a99688 | ||
| 999 |
_c99687 _d99687 |
||